| 000 | 00678nam a22002057a 4500 | ||
|---|---|---|---|
| 003 | OSt | ||
| 005 | 20230113104517.0 | ||
| 008 | 230112b |||||||| |||| 00| 0 eng d | ||
| 040 | _cBiblioteca Lado V | ||
| 082 |
_a708 _bU81a |
||
| 100 |
_9523 _aUrroz, Carlos _edirector |
||
| 245 | _aArco | Madrid/ | ||
| 260 |
_aMadrid, España _bIFEMA Feria de Madrid _c2012 |
||
| 300 |
_a542p. _c17x24cm |
||
| 650 |
_2Tesauro de Arte & Arquitectura _aARTE |
||
| 650 |
_2Tesauro de Arte & Arquitectura _aCATALOGO |
||
| 650 |
_2Tesauro de Arte & Arquitectura _aARTE ESPAÑOL |
||
| 650 |
_2Tesauro de Arte & Arquitectura _aFERIA DE ARTE |
||
| 942 |
_2ddc _c1 _h708 _iU81a _n0 |
||
| 999 |
_c2768 _d2768 |
||